书目信息 |
| 题名: |
考研数学应试指导与进阶
|
|
| 作者: | 俞正光 主编 | |
| 分册: | ||
| 出版信息: | 北京 清华大学出版社 2004.07 |
|
| 页数: | 245页 | |
| 开本: | 26cm | |
| 丛书名: | 全国硕士研究生入学考试应试导引与进阶丛书:2005版 | |
| 单 册: | ||
| 中图分类: | O13 | |
| 科图分类: | ||
| 主题词: | 线性代数--研究生--入学考试--自学参考资料 | |
| 电子资源: | ||
| ISBN: | 7-302-08889-6 | |
| 000 | 01002nam 2200253 450 | |
| 001 | 0120352362 | |
| 005 | 20050926103516.20 | |
| 010 | @a7-302-08889-6@dCNY23.00 | |
| 100 | @a20050317d2004 km y0chiy0120 ea | |
| 101 | 0 | @achi |
| 102 | @aCN@b110000 | |
| 105 | @ay z 000yy | |
| 200 | 1 | @a考研数学应试指导与进阶@Akao yan shu xue ying shi zhi dao yu jin jie@e线性代数@f俞正光主编@Fyu zheng guang zhu bian |
| 210 | @a北京@c清华大学出版社@d2004.07 | |
| 215 | @a245页@d26cm | |
| 225 | 2 | @a全国硕士研究生入学考试应试导引与进阶丛书:2005版 |
| 330 | @a本书是作者根据2005年最新考试大纲,结合多年的数学经验和考研辅导经验精心编写而成的。主要内容包括行列式、矩阵代数、矩阵的初等变换与矩阵的秩、向量组的线性相关性、 | |
| 410 | 0 | @12001 @a全国硕士研究生入学考试应试导引与进阶丛书:2005版 |
| 517 | 1 | @a线性代数@Axian xing dai shu |
| 606 | 0 | @a线性代数@x研究生@x入学考试@x自学参考资料 |
| 690 | @aO13@v4 | |
| 701 | 0 | @a俞正光@Ayu zheng guang@4主编 |
| 801 | 0 | @aCN@bQSSK@c20050926 |
| 905 | @a10447@dO13@eY810 | |
| 考研数学应试指导与进阶:线性代数/俞正光主编.-北京:清华大学出版社,2004.07 |
| 245页;26cm.-(全国硕士研究生入学考试应试导引与进阶丛书:2005版) |
| ISBN 7-302-08889-6:CNY23.00 |
| 本书是作者根据2005年最新考试大纲,结合多年的数学经验和考研辅导经验精心编写而成的。主要内容包括行列式、矩阵代数、矩阵的初等变换与矩阵的秩、向量组的线性相关性、 |
| ● |
| 相关链接 |
|
|
|
正题名:考研数学应试指导与进阶
索取号:O13/Y810
 
预约/预借
| 序号 | 登录号 | 条形码 | 馆藏地/架位号 | 状态 | 备注 |
| 1 | 527893 | 205278938 | 自科库401/ [索取号:O13/Y810] | 在馆 | |
| 2 | 527894 | 205278947 | 自科库401/401自科库 108排1列1层/ [索取号:O13/Y810] | 在馆 | |
| 3 | 527895 | 205278956 | 自科库401/401自科库 107排9列1层/ [索取号:O13/Y810] | 在馆 |